<?xml version="1.0" encoding="UTF-8"?>
<marc:record xmlns:marc="http://www.loc.gov/MARC21/slim">
   <marc:leader>00000nam a2200000 a 4500</marc:leader>
   <marc:datafield ind1="1" ind2=" " tag="100">
      <marc:subfield code="a">Dörrie, Doris</marc:subfield>
      <marc:subfield code="4">aut</marc:subfield>
      <marc:subfield code="e">Verfasser/-in</marc:subfield>
   </marc:datafield>
   <marc:datafield ind1="0" ind2="0" tag="245">
      <marc:subfield code="a">Wo ist Lotte?</marc:subfield>
   </marc:datafield>
   <marc:datafield ind1=" " ind2="1" tag="264">
      <marc:subfield code="b">Ravensburger Buchverl.</marc:subfield>
      <marc:subfield code="c">2001</marc:subfield>
   </marc:datafield>
   <marc:datafield ind1="1" ind2=" " tag="520">
      <marc:subfield code="a">Das haben die Erwachsenen nun davon -- schließlich soll man Kinder nicht zwingen Sachen zu essen, die sie gar nicht mögen! Das gilt besonders für Lotte, die mit ihrer Mutter zusammen Tante Gerti besuchen muss. Beim Mittagessen soll Lotte dann ekelige Sülze essen, denn sonst gibt es kein Pflaumenkompott, und das mag sie besonders gern. Deshalb probiert Lotte widerwillig doch mal eine Gabel -- und danach wird sie einfach unsichtbar! Wo immer Lotte sich fortan auch hinlegt, nimmt sie die Farbe ihrer Umgebung an. Ob das die Erwachsenen nun merken oder nicht. Schade ist da eigentlich nur, dass nach einem Tag die Wirkung nachlässt und man wieder Sülze essen muss.
</marc:subfield>
   </marc:datafield>
   <marc:datafield ind1="3" ind2=" " tag="024">
      <marc:subfield code="a">3473339679</marc:subfield>
   </marc:datafield>
</marc:record>
